000 00198nam a2200073Ia 4500
008 170524s9999 xx 000 0 und d
100 _aASHWATHAPPA- K
245 0 _aPRODUCTION AND OPERATIONS MANAGEMENT
260 _bHIMALYA PUB. HOUSE
999 _c8137
_d8137